| 000 | 00774nam a2200229 a 4500 | ||
|---|---|---|---|
| 999 |
_c1259 _d1259 |
||
| 001 | 19130 | ||
| 003 | BD-DhUAP | ||
| 005 | 20200204131434.0 | ||
| 008 | 141007s2005 bg a b 001 0 eng | ||
| 020 | _a9843219392 | ||
| 040 |
_aDLC _cDLC _dBD-DhUAP _bEng |
||
| 082 |
_223 _a320.95492 HUS |
||
| 100 | 1 |
_aHussain, Motahar. _95947 |
|
| 245 | 1 | 0 |
_aDevelopment administration in Bangladesh / _cMotahar Hussain. |
| 250 | _aRev. 2nd ed. | ||
| 260 |
_aDhaka : _bBangla Academy; _bA H Development Publishing House _cc2005. |
||
| 300 |
_axiv, 208 pages : _billustrations ; _c23 cm. |
||
| 504 | _aIncludes bibliographical references (p. 189-196) and index. | ||
| 650 | 0 |
_aBureaucracy _zBangladesh. _95948 |
|
| 651 | 0 |
_aBangladesh _xPolitics and government _y1971- _95949 |
|
| 942 |
_2ddc _cBK |
||